Vista normal Vista MARC

Entrada Personal Name

Número de registros utilizados en: 1

001 - CONTROL NUMBER

  • control field: 39420

003 - CONTROL NUMBER IDENTIFIER

  • control field: OSt

005 - DATE AND TIME OF LATEST TRANSACTION

  • control field: 20210817124725.0

008 - FIXED-LENGTH DATA ELEMENTS

  • fixed length control field: 210817|| aca||aabn | a|a d

040 ## - CATALOGING SOURCE

  • Original cataloging agency: OSt
  • Transcribing agency: OSt

100 ## - HEADING--PERSONAL NAME

  • Personal name: Menduiña, Antonio

670 ## - SOURCE DATA FOUND

  • Source citation: Work cat.: (OSt)8357: Jones, Hywel, 17035 autor, Introducción a las teorías modernas del crecimiento económico / , 1988